[Event "POL-chT 58th"]
[Site "Lubniewice"]
[Date "2002.09.08"]
[Round "9"]
[White "Jaracz, Barbara"]
[Black "Glazik, Malgorzata"]
[Result "1/2-1/2"]
[WhiteElo "2265"]
[BlackElo "2115"]
[PlyCount "83"]
[EventDate "2002.08.31"]
[EventType "team-tourn"]
[EventRounds "9"]
[EventCountry "POL"]
[SourceTitle "EXT 2019"]
[Source "ChessBase"]
[SourceDate "2018.10.10"]
[SourceVersion "1"]
[SourceVersionDate "2018.10.10"]
[SourceQuality "1"]
[WhiteTeam "Lublin UMCS"]
[BlackTeam "Gorzow Wielkopolski Stilon"]
[WhiteTeamCountry "POL"]
[BlackTeamCountry "POL"]

1. e4 e5 2. Nf3 d6 3. Bc4 Nc6 4. h3 Be7 5. Nc3 Nf6 6. 0-0 0-0 7. Re1 Re8 8. d4 exd4 9. Nxd4 Nxd4 10. Qxd4 Nd7 11. Bf4 Bf6 12. Qd5 Re7 13. Qd2 Nb6 14. Bf1 Bd7 15. Rad1 Qe8 16. f3 Qf8 17. b3 Rae8 18. Ne2 g6 19. Bh6 Bg7 20. Bg5 f6 21. Bh4 Re5 22. Bg3 R5e7 23. a4 Bc6 24. a5 Nd7 25. Nc3 Kh8 26. Bh4 Re5 27. b4 a6 28. Bg3 R5e7 29. b5 axb5 30. Bxb5 f5 31. Bxc6 bxc6 32. exf5 Qxf5 33. Ne4 Ne5 34. Bh4 Re6 35. Ng5 Nc4 36. Rxe6 Rxe6 37. Qd3 Qc5+ 38. Bf2 Qxg5 39. Qxc4 d5 40. Qb4 Qf5 41. a6 Re8 42. Rd3 1/2-1/2

[Event "POL-chT 58th"]
[Site "Lubniewice"]
[Date "2002.09.05"]
[Round "6"]
[White "Blimke, Dalia"]
[Black "Glazik, Malgorzata"]
[Result "1-0"]
[WhiteElo "2220"]
[BlackElo "2115"]
[PlyCount "181"]
[EventDate "2002.08.31"]
[EventType "team-tourn"]
[EventRounds "9"]
[EventCountry "POL"]
[SourceTitle "EXT 2019"]
[Source "ChessBase"]
[SourceDate "2018.10.10"]
[SourceVersion "1"]
[SourceVersionDate "2018.10.10"]
[SourceQuality "1"]
[WhiteTeam "Legnica Miedz"]
[BlackTeam "Gorzow Wielkopolski Stilon"]
[WhiteTeamCountry "POL"]
[BlackTeamCountry "POL"]

1. e4 d6 2. d4 Nf6 3. Nc3 Nc6 4. f4 e5 5. Nf3 Bg4 6. d5 Nd4 7. Be3 Nxf3+ 8. gxf3 Bd7 9. Qd2 Nh5 10. fxe5 dxe5 11. 0-0-0 Be7 12. Rg1 0-0 13. Kb1 Kh8 14. Bd3 f5 15. Ne2 f4 16. Bf2 g5 17. c4 Rg8 18. c5 Bf6 19. Bc4 Rg7 20. Qc3 b6 21. c6 Bh3 22. d6 cxd6 23. Qd3 Qe8 24. Nc3 Rd8 25. Bb5 Qf8 26. Nd5 Rg6 27. Qa3 Qg7 28. c7 Rc8 29. Qxd6 Qf8 30. Qxf8+ Rxf8 31. Nxf6 Nxf6 32. Rd8 Rgg8 33. Rxf8 Rxf8 34. Rxg5 Rc8 35. Rxe5 Rxc7 36. Bd4 Kg8 37. Rg5+ Kf7 38. Be5 Rc8 39. Bxf4 Be6 40. Be5 h6 41. Rg1 Nxe4 42. fxe4 Rc5 43. Rf1+ Kg8 44. Bf4 Rxb5 45. Bxh6 Rh5 46. Bf4 Rh3 47. Bg3 Rh5 48. b3 Kg7 49. Rc1 Kf6 50. Rc7 a5 51. Rb7 Rb5 52. Kc2 Rb4 53. e5+ Kf5 54. Rb8 a4 55. Kc3 axb3 56. Kxb4 b2 57. Rf8+ Kg6 58. Rf1 Bxa2 59. Kb5 b1Q+ 60. Rxb1 Bxb1 61. Kxb6 Kf7 62. h4 Bg6 63. Kc5 Ke6 64. Kd4 Bh7 65. h5 Kf5 66. Bh4 Bg8 67. Bf6 Bf7 68. h6 Kg6 69. Bg7 Be6 70. Kc5 Bf5 71. Kd6 Kf7 72. Bf6 Kg6 73. Bg7 Kf7 74. Kd5 Be6+ 75. Ke4 Kg6 76. Kf4 Bd7 77. Bf8 Bc8 78. Ke4 Be6 79. Kd4 Bf5 80. Kd5 Kf7 81. Ba3 Be6+ 82. Kd6 Bf5 83. Bc1 Bg4 84. Bb2 Kg6 85. Bc1 Kf7 86. Bg5 Kg6 87. e6 Bf5 88. e7 Kf7 89. h7 Bxh7 90. Kd7 Bf5+ 91. Kd8 1-0

[Event "POL-chT 58th"]
[Site "Lubniewice"]
[Date "2002.09.04"]
[Round "5"]
[White "Glazik, Malgorzata"]
[Black "Rajlich, Iweta"]
[Result "0-1"]
[WhiteElo "2115"]
[BlackElo "2447"]
[PlyCount "92"]
[EventDate "2002.08.31"]
[EventType "team-tourn"]
[EventRounds "9"]
[EventCountry "POL"]
[SourceTitle "EXT 2019"]
[Source "ChessBase"]
[SourceDate "2018.10.10"]
[SourceVersion "1"]
[SourceVersionDate "2018.10.10"]
[SourceQuality "1"]
[WhiteTeam "Gorzow Wielkopolski Stilon"]
[BlackTeam "Grodzisk Polfa Mazowiecki"]
[WhiteTeamCountry "POL"]
[BlackTeamCountry "POL"]

1. e4 c5 2. Nf3 d6 3. d4 cxd4 4. Nxd4 Nf6 5. Nc3 g6 6. g3 Nc6 7. Bg2 Bg7 8. Nde2 0-0 9. 0-0 Rb8 10. a4 a6 11. Re1 b5 12. axb5 axb5 13. Nd5 Nd7 14. c3 e6 15. Ne3 Nc5 16. Nd4 Bd7 17. Nec2 Nxd4 18. Nxd4 b4 19. Be3 bxc3 20. bxc3 Qc7 21. Ra3 e5 22. Nc2 Na4 23. Qa1 Rfc8 24. Nb4 Bb5 25. Rb1 Qd7 26. Nd5 Bc6 27. Rb4 Bxd5 28. Rxb8 Rxb8 29. exd5 Qf5 30. Rxa4 Rb1+ 31. Qxb1 Qxb1+ 32. Bf1 Bf8 33. Kg2 Kg7 34. Rb4 Qe1 35. Rb3 Qd1 36. Rb5 Be7 37. c4 h6 38. Rb7 Bf8 39. Rb8 g5 40. Rd8 f5 41. f3 Be7 42. Rd7 Kf8 43. Bb6 Qc2+ 44. Bf2 e4 45. fxe4 fxe4 46. Kg1 Qd2 0-1

[Event "POL-chT 57th"]
[Site "Glogow"]
[Date "2001.09.10"]
[Round "3"]
[White "Glazik, Malgorzata"]
[Black "Jakubiec, Edyta"]
[Result "0-1"]
[WhiteElo "2151"]
[BlackElo "2216"]
[PlyCount "70"]
[EventDate "2001.09.08"]
[EventType "team-tourn"]
[EventRounds "9"]
[EventCountry "POL"]
[SourceTitle "EXT 2019"]
[Source "ChessBase"]
[SourceDate "2018.10.10"]
[SourceVersion "1"]
[SourceVersionDate "2018.10.10"]
[SourceQuality "1"]
[WhiteTeam "Gorzow Wielkopolski Stilon"]
[BlackTeam "Lublin Drakon SKOK Chmielewskiego"]
[WhiteTeamCountry "POL"]
[BlackTeamCountry "POL"]

1. e4 c5 2. Nf3 d6 3. d4 cxd4 4. Nxd4 Nf6 5. Nc3 a6 6. Be2 e5 7. Nb3 Be6 8. 0-0 Be7 9. Be3 Nbd7 10. f4 exf4 11. Bxf4 Ne5 12. Kh1 0-0 13. Qe1 Rc8 14. Rd1 Nfd7 15. Qg3 Kh8 16. Nd4 Qb6 17. Bc1 Qd8 18. Nf5 Bxf5 19. Rxf5 Re8 20. Be3 b5 21. Bd4 Bf8 22. a4 b4 23. Nd5 Rxc2 24. Bxa6 Nc5 25. Nxb4 Nxe4 26. Qb3 Rd2 27. Rxd2 Nxd2 28. Qd1 Ne4 29. Bb5 Re6 30. Bxe5 Rxe5 31. Rxe5 Nf2+ 32. Kg1 Nxd1 33. Re8 Qb6+ 34. Kh1 Nf2+ 35. Kg1 Nh3+ 0-1

[Event "Polanica Zdroj op"]
[Site "Polanica Zdroj"]
[Date "2001.08.25"]
[Round "10"]
[White "Karlovich, Anastazia"]
[Black "Glazik, Malgorzata"]
[Result "1-0"]
[WhiteElo "2295"]
[BlackElo "2151"]
[PlyCount "40"]
[EventDate "2001.08.16"]
[EventType "swiss"]
[EventRounds "10"]
[EventCountry "POL"]
[SourceTitle "EXT 2002"]
[Source "ChessBase"]
[SourceDate "2001.11.25"]
[SourceVersion "1"]
[SourceVersionDate "2001.11.25"]
[SourceQuality "1"]

1. e4 e5 2. f4 exf4 3. Nf3 Be7 4. Bc4 Nf6 5. e5 Ne4 6. 0-0 0-0 7. d3 Bc5+ 8. d4 d5 9. Bd3 Be7 10. Bxf4 c5 11. c3 Nc6 12. Nbd2 Bf5 13. Qe2 cxd4 14. Nxd4 Nxd4 15. cxd4 Nxd2 16. Bxd2 Bxd3 17. Qxd3 Qb6 18. Rf3 Rac8 19. Rh3 h6 20. Rf1 Rc6 1-0

[Event "Polanica Zdroj op"]
[Site "Polanica Zdroj"]
[Date "2001.08.17"]
[Round "2"]
[White "Knap, Jerzy"]
[Black "Glazik, Malgorzata"]
[Result "1/2-1/2"]
[WhiteElo "2022"]
[BlackElo "2151"]
[PlyCount "40"]
[EventDate "2001.08.16"]
[EventType "swiss"]
[EventRounds "10"]
[EventCountry "POL"]
[SourceTitle "EXT 2002"]
[Source "ChessBase"]
[SourceDate "2001.11.25"]
[SourceVersion "1"]
[SourceVersionDate "2001.11.25"]
[SourceQuality "1"]

1. d4 Nf6 2. c4 e6 3. Nf3 Bb4+ 4. Bd2 Qe7 5. a3 Bxd2+ 6. Qxd2 b6 7. g3 Bb7 8. Bg2 d6 9. Nc3 0-0 10. 0-0 Nbd7 11. b4 Rac8 12. Rac1 Rfd8 13. Qb2 c5 14. dxc5 dxc5 15. b5 e5 16. e3 e4 17. Nd2 Ne5 18. Qc2 Nf3+ 19. Nxf3 exf3 20. Bh3 Rc7 1/2-1/2

[Event "Polanica Zdroj op"]
[Site "Polanica Zdroj"]
[Date "2001.08.16"]
[Round "1"]
[White "Glazik, Malgorzata"]
[Black "Balcerak, Jakob"]
[Result "0-1"]
[WhiteElo "2151"]
[BlackElo "2415"]
[PlyCount "112"]
[EventDate "2001.08.16"]
[EventType "swiss"]
[EventRounds "10"]
[EventCountry "POL"]
[SourceTitle "EXT 2002"]
[Source "ChessBase"]
[SourceDate "2001.11.25"]
[SourceVersion "1"]
[SourceVersionDate "2001.11.25"]
[SourceQuality "1"]

1. e4 c5 2. Nf3 d6 3. d4 cxd4 4. Nxd4 Nf6 5. Nc3 a6 6. Be3 e6 7. Be2 Be7 8. 0-0 0-0 9. f4 Nc6 10. a4 Qc7 11. Bf3 Re8 12. Nb3 b6 13. e5 dxe5 14. fxe5 Rd8 15. Qe1 Nd7 16. Qf2 Rf8 17. Qg3 Bb7 18. Bf4 Kh8 19. Be4 Nc5 20. Nxc5 Bxc5+ 21. Kh1 Ne7 22. Rae1 Ng6 23. Bd3 Rad8 24. Ne4 Bxe4 25. Rxe4 Rd4 26. c3 Rxe4 27. Bxe4 a5 28. Qg5 Be7 29. Qh5 Qc4 30. Re1 Bc5 31. Bg3 Qxa4 32. h4 Qc4 33. Qg4 Ne7 34. h5 h6 35. Bh4 Nd5 36. Qf3 Be7 37. Bf2 Bc5 38. Bh4 Kg8 39. Kh2 f5 40. exf6 Bd6+ 41. Kh3 Nf4+ 42. Kh2 Nxh5+ 43. g3 Nxf6 44. Bxf6 Rxf6 45. Qg4 Qc5 46. Re2 Kf7 47. Kg2 h5 48. Qh3 g6 49. Bf3 Qg5 50. Bc6 Ke7 51. Bf3 Bc5 52. Qh1 Rxf3 53. Kxf3 Qg4+ 54. Kg2 Qxe2+ 55. Kh3 Qg4+ 56. Kg2 Bd6 0-1

[Event "Kochan Memorial op"]
[Site "Koszalin"]
[Date "2001.08.13"]
[Round "9"]
[White "Baran, Pawel"]
[Black "Glazik, Malgorzata"]
[Result "1/2-1/2"]
[WhiteElo "2099"]
[BlackElo "2151"]
[PlyCount "148"]
[EventDate "2001.08.03"]
[EventType "swiss"]
[EventRounds "10"]
[EventCountry "POL"]
[SourceTitle "EXT 2002"]
[Source "ChessBase"]
[SourceDate "2001.11.25"]
[SourceVersion "1"]
[SourceVersionDate "2001.11.25"]
[SourceQuality "1"]

1. f4 d5 2. b3 c5 3. Bb2 Nc6 4. Nf3 Nf6 5. e3 e6 6. d4 b6 7. Bd3 Bd6 8. Ne5 Bb7 9. 0-0 Qe7 10. Nc3 a6 11. Ne2 Nb4 12. Ng3 Nxd3 13. Qxd3 b5 14. f5 c4 15. Qe2 0-0-0 16. a4 Qc7 17. axb5 axb5 18. bxc4 dxc4 19. Rfb1 h5 20. Bc3 Bxe5 21. dxe5 Nd5 22. Bd4 Qc6 23. Ra5 Nc7 24. Nf1 h4 25. h3 exf5 26. Rb4 Rh6 27. Raxb5 Nxb5 28. Rxc4 Rg6 29. g3 Nxd4 30. exd4 Rxd4 31. Rxc6+ Bxc6 32. Qf2 Rd1 33. Qxf5+ Kb8 34. Kf2 hxg3+ 35. Nxg3 Rd2+ 36. Ke3 Rd1 37. Ke2 Rg1 38. Ne4 R6g2+ 39. Kd3 Rd1+ 40. Kc3 Bxe4 41. Qxe4 Rg3+ 42. Kb2 Rd7 43. e6 Rb7+ 44. Kc1 Rg1+ 45. Kd2 fxe6 46. Qf4+ Rc7 47. Qf8+ Kb7 48. Qf3+ Kc8 49. Qa8+ Kd7 50. Qa4+ Kd8 51. Qa8+ Ke7 52. Qa3+ Ke8 53. Qa8+ Ke7 54. Qa3+ Kd8 55. Qf8+ Kd7 56. Qf7+ Kd6 57. Qf4+ e5 58. Qb4+ Kd7 59. Qb5+ Rc6 60. Qb7+ Kd6 61. Qb8+ Ke6 62. Qe8+ Kd5 63. Qf7+ Ke4 64. Qf2 Rd6+ 65. Ke2 Rgg6 66. c3 Rdf6 67. Qe3+ Kd5 68. Kd3 Ke6 69. Qb6+ Kf5 70. Qf2+ Kg5 71. Qg3+ Kf5 72. Qf3+ Ke6 73. Qc6+ Kf5 74. Qe4+ Ke6 1/2-1/2

[Event "Kochan Memorial op"]
[Site "Koszalin"]
[Date "2001.08.10"]
[Round "6"]
[White "Moniszka, Krzysztof"]
[Black "Glazik, Malgorzata"]
[Result "1/2-1/2"]
[WhiteElo "2104"]
[BlackElo "2151"]
[PlyCount "65"]
[EventDate "2001.08.03"]
[EventType "swiss"]
[EventRounds "10"]
[EventCountry "POL"]
[SourceTitle "EXT 2002"]
[Source "ChessBase"]
[SourceDate "2001.11.25"]
[SourceVersion "1"]
[SourceVersionDate "2001.11.25"]
[SourceQuality "1"]

1. e4 e5 2. Nf3 Nc6 3. Bc4 Bc5 4. b4 Bb6 5. a4 a6 6. a5 Ba7 7. 0-0 Nf6 8. d3 0-0 9. Bg5 h6 10. Bh4 d6 11. c3 Bg4 12. h3 Bd7 13. Na3 Kh7 14. Nh2 g5 15. Bg3 Ne7 16. Nc2 c6 17. Ne3 Ng6 18. Nhg4 Nf4 19. Qf3 Be6 20. Rfd1 Qe7 21. Bxe6 fxe6 22. Bxf4 gxf4 23. Nc4 Nxg4 24. hxg4 Rad8 25. Qh3 Qg5 26. Kf1 Rd7 27. Ke2 Rf6 28. Rh1 Kg8 29. Qh4 Kg7 30. Rh3 Qxh4 31. Rxh4 Rd8 32. Rah1 Bb8 33. Rh5 1/2-1/2

[Event "Kochan Memorial op"]
[Site "Koszalin"]
[Date "2001.08.07"]
[Round "4"]
[White "Glazik, Malgorzata"]
[Black "Maka, Magdalena"]
[Result "1-0"]
[WhiteElo "2151"]
[BlackElo "2088"]
[PlyCount "59"]
[EventDate "2001.08.03"]
[EventType "swiss"]
[EventRounds "10"]
[EventCountry "POL"]
[SourceTitle "EXT 2002"]
[Source "ChessBase"]
[SourceDate "2001.11.25"]
[SourceVersion "1"]
[SourceVersionDate "2001.11.25"]
[SourceQuality "1"]

1. e4 c5 2. Nf3 e6 3. d4 cxd4 4. Nxd4 Nf6 5. Nc3 d6 6. Be2 a6 7. 0-0 Qc7 8. f4 b5 9. Bf3 Bb7 10. e5 dxe5 11. fxe5 Nfd7 12. Bf4 Bc5 13. Kh1 Bxf3 14. Qxf3 Ra7 15. Nf5 exf5 16. e6 Ne5 17. exf7+ Qxf7 18. Bxe5 0-0 19. Rad1 Nd7 20. Bg3 g6 21. Nd5 Raa8 22. b4 Bb6 23. Bd6 Rfe8 24. Ne7+ Kg7 25. Qc3+ Qf6 26. Qc6 Rad8 27. Nd5 Qe6 28. Nxb6 Nxb6 29. Qxb6 Qc4 30. Be5+ 1-0

[Event "POL-chT U19 31st"]
[Site "Wisla"]
[Date "2000.07.24"]
[Round "6.5"]
[White "Glazik, Malgorzata"]
[Black "Socha, Anna"]
[Result "1-0"]
[WhiteElo "2155"]
[BlackElo "2097"]
[PlyCount "79"]
[EventDate "2000.07.19"]
[EventType "team-tourn"]
[EventRounds "11"]
[EventCountry "POL"]
[SourceTitle "EXT 2005"]
[Source "ChessBase"]
[SourceDate "2004.11.15"]
[SourceVersion "1"]
[SourceVersionDate "2004.11.15"]
[SourceQuality "1"]
[WhiteTeam "Gorzow Wielkopolski Stilon U19"]
[BlackTeam "Legnica Miedz U19"]
[WhiteTeamCountry "POL"]
[BlackTeamCountry "POL"]

1. e4 c5 2. Nf3 Nc6 3. Nc3 e6 4. d4 cxd4 5. Nxd4 Qc7 6. Be2 a6 7. 0-0 Nf6 8. Be3 Bb4 9. Na4 Be7 10. Nxc6 bxc6 11. Nb6 Rb8 12. Nxc8 Qxc8 13. Bd4 d5 14. exd5 cxd5 15. c4 0-0 16. Rc1 Qb7 17. c5 Rbc8 18. Qa4 Rc6 19. b4 Ne4 20. Rfd1 Ra8 21. f3 Nf6 22. Qb3 Qa7 23. Qc3 Rb8 24. a4 e5 25. Bxe5 Re8 26. Bd4 Re6 27. Bf1 Nh5 28. b5 Rg6 29. c6 Qc7 30. b6 Qf4 31. Re1 Qg5 32. Be3 Qh4 33. Qd4 Qh3 34. Bf2 Qxf3 35. Rc3 Qf5 36. Bd3 Qg5 37. Bxg6 Nf4 38. Rg3 Ne2+ 39. Rxe2 Qc1+ 40. Be1 1-0

[Event "POL-chT U19 31st"]
[Site "Wisla"]
[Date "2000.07.22"]
[Round "4.5"]
[White "Skrochocka, Justyna"]
[Black "Glazik, Malgorzata"]
[Result "1-0"]
[WhiteElo "2035"]
[BlackElo "2155"]
[PlyCount "63"]
[EventDate "2000.07.19"]
[EventType "team-tourn"]
[EventRounds "11"]
[EventCountry "POL"]
[SourceTitle "EXT 2005"]
[Source "ChessBase"]
[SourceDate "2004.11.15"]
[SourceVersion "1"]
[SourceVersionDate "2004.11.15"]
[SourceQuality "1"]
[WhiteTeam "Jaworzno JKSz MCKiS U19"]
[BlackTeam "Gorzow Wielkopolski Stilon U19"]
[WhiteTeamCountry "POL"]
[BlackTeamCountry "POL"]

1. e4 d6 2. d4 Nf6 3. Nc3 Nc6 4. d5 Nb8 5. f4 c6 6. dxc6 Nxc6 7. Nf3 Qb6 8. Nd5 Nxd5 9. exd5 Nb4 10. c3 Na6 11. Bc4 Bg4 12. h3 Bd7 13. Qe2 Nc5 14. Be3 Qc7 15. Bd4 a6 16. 0-0 b5 17. Bb3 Bf5 18. Bc2 Bxc2 19. Qxc2 0-0-0 20. b3 e6 21. a4 bxa4 22. b4 Nb3 23. Rxa4 Qc4 24. Rb1 Nxd4 25. Nxd4 Qxd5 26. Rxa6 Rd7 27. Rba1 Rc7 28. Qa4 Kd8 29. Nc6+ Kd7 30. b5 Be7 31. Ne5+ Kc8 32. Ra8+ 1-0

[Event "POL-chT U19 31st"]
[Site "Wisla"]
[Date "2000.07.19"]
[Round "1.5"]
[White "Glazik, Malgorzata"]
[Black "Reszka, Malgorzata"]
[Result "1-0"]
[WhiteElo "2155"]
[BlackElo "2113"]
[PlyCount "114"]
[EventDate "2000.07.19"]
[EventType "team-tourn"]
[EventRounds "11"]
[EventCountry "POL"]
[SourceTitle "EXT 2005"]
[Source "ChessBase"]
[SourceDate "2004.11.15"]
[SourceVersion "1"]
[SourceVersionDate "2004.11.15"]
[SourceQuality "1"]
[WhiteTeam "Gorzow Wielkopolski Stilon U19"]
[BlackTeam "Warszawa Polonia TOP GAN U19"]
[WhiteTeamCountry "POL"]
[BlackTeamCountry "POL"]

1. e4 c6 2. Nc3 d5 3. Nf3 Bg4 4. h3 Bxf3 5. Qxf3 e6 6. g3 Nf6 7. Bg2 Bb4 8. e5 Nfd7 9. Qg4 Bf8 10. f4 Qb6 11. Ne2 Na6 12. a3 0-0-0 13. d4 h5 14. Qf3 c5 15. c3 g6 16. 0-0 c4 17. g4 hxg4 18. hxg4 Be7 19. Bh3 Rh7 20. Kg2 Rdh8 21. Rh1 Nc7 22. Ng3 Qb3 23. Qe2 Bh4 24. Be3 Kb8 25. Raf1 Rg7 26. Rf3 Nb6 27. Bc1 a5 28. Nf1 Bd8 29. Kg1 Qa4 30. Bg2 Rxh1+ 31. Kxh1 Rh7+ 32. Rh3 Rxh3+ 33. Bxh3 Qe8 34. Ng3 Bh4 35. Kg2 Qg8 36. Nf1 Be7 37. Qf3 Nc8 38. Kh1 Nb6 39. Ng3 Bh4 40. Ne2 Bd8 41. f5 Qh7 42. Kg2 Nc8 43. Nf4 Ne7 44. fxe6 fxe6 45. Ne2 Qg8 46. Bg5 Kc8 47. Qf4 Kd7 48. Bf6 Nc6 49. Qg5 Bxf6 50. exf6 Ne8 51. Qf4 Qf7 52. g5 Nd6 53. Qh4 Nf5 54. Qh8 Nd8 55. Nf4 b5 56. Bxf5 exf5 57. Qg7 Ke8 1-0

[Event "POL-ch (Women)"]
[Site "Brzeg Dolny"]
[Date "2000.07.10"]
[Round "5"]
[White "Matras Clement, Agnieszka"]
[Black "Glazik, Malgorzata"]
[Result "1-0"]
[WhiteElo "2232"]
[BlackElo "2155"]
[PlyCount "55"]
[EventDate "2000.07.06"]
[EventType "tourn"]
[EventRounds "11"]
[EventCountry "POL"]
[EventCategory "2"]
[SourceTitle "CBM 077 Extra"]
[Source "ChessBase"]
[SourceDate "2000.09.14"]
[SourceVersion "1"]
[SourceVersionDate "2000.09.14"]
[SourceQuality "1"]

1. e4 d6 2. d4 Nf6 3. Nc3 e5 4. Nge2 Nc6 5. f3 Be7 6. Be3 0-0 7. Qd2 a6 8. g4 b5 9. g5 Nd7 10. h4 Nb6 11. b3 f5 12. d5 Nb8 13. f4 b4 14. Nd1 fxe4 15. Nf2 Bb7 16. Bh3 Kh8 17. Be6 N8d7 18. f5 Nc5 19. Bxc5 dxc5 20. 0-0-0 c4 21. Nxe4 c3 22. Qe3 Nxd5 23. Qg3 c6 24. Qxe5 Qa5 25. Rxd5 cxd5 26. f6 gxf6 27. gxf6 Bd6 28. Nxd6 1-0

[Event "POL-ch (Women)"]
[Site "Brzeg Dolny"]
[Date "2000.07.07"]
[Round "2"]
[White "Glazik, Malgorzata"]
[Black "Jakubiec, Edyta"]
[Result "1-0"]
[WhiteElo "2155"]
[BlackElo "2208"]
[PlyCount "76"]
[EventDate "2000.07.06"]
[EventType "tourn"]
[EventRounds "11"]
[EventCountry "POL"]
[EventCategory "2"]
[SourceTitle "CBM 077 Extra"]
[Source "ChessBase"]
[SourceDate "2000.09.14"]
[SourceVersion "1"]
[SourceVersionDate "2000.09.14"]
[SourceQuality "1"]

1. e4 c5 2. Nf3 Nc6 3. d4 cxd4 4. Nxd4 e5 5. Nb5 d6 6. N1c3 a6 7. Na3 b5 8. Nd5 Nce7 9. c4 Nxd5 10. exd5 bxc4 11. Nxc4 Be7 12. Bd2 a5 13. Rc1 Nf6 14. Be3 0-0 15. Be2 Nd7 16. 0-0 f5 17. f4 exf4 18. Bxf4 Nb6 19. Kh1 Nxc4 20. Bxc4 Bf6 21. Qd2 Qb6 22. b3 Bd7 23. Bd3 Bd4 24. Rc4 Bc5 25. Rcc1 a4 26. bxa4 Rxa4 27. Rc4 Rfa8 28. Rxa4 Rxa4 29. Qe2 Qd8 30. Bc1 g6 31. Re1 Bb4 32. Rf1 Bc3 33. Bf4 Qf6 34. Qe3 Rxa2 35. Bg5 Qe5 36. Qb6 Rb2 37. Qc7 Be8 38. Bf4 Qd4 1-0

[Event "POL-ch (Women)"]
[Site "Brzeg Dolny"]
[Date "2000.07.06"]
[Round "1"]
[White "Michna, Marta"]
[Black "Glazik, Malgorzata"]
[Result "1/2-1/2"]
[WhiteElo "2376"]
[BlackElo "2155"]
[PlyCount "79"]
[EventDate "2000.07.06"]
[EventType "tourn"]
[EventRounds "11"]
[EventCountry "POL"]
[EventCategory "2"]
[SourceTitle "CBM 077 Extra"]
[Source "ChessBase"]
[SourceDate "2000.09.14"]
[SourceVersion "1"]
[SourceVersionDate "2000.09.14"]
[SourceQuality "1"]

1. d4 Nf6 2. Nf3 e6 3. e3 b6 4. Bd3 Bb7 5. Nbd2 d5 6. 0-0 Bd6 7. b3 0-0 8. Bb2 Ne4 9. c4 Nd7 10. Qe2 f5 11. Rac1 Qe7 12. Rfd1 g5 13. Ne5 Nxe5 14. dxe5 Bc5 15. cxd5 Nxd2 16. Rxd2 Bxd5 17. Bc4 c6 18. Rdc2 Be4 19. Bd3 Bd5 20. Rxc5 bxc5 21. Ba3 Qg7 22. Bxc5 Rf7 23. Bd6 g4 24. Qd2 Kh8 25. Rc5 Rg8 26. Qc1 Qg5 27. g3 Qh5 28. Rxc6 Rg6 29. Rc8+ Kg7 30. Qc5 Qxh2+ 31. Kf1 Kh6 32. Bb5 Bf3 33. Ke1 Qg1+ 34. Kd2 Qxf2+ 35. Kc3 Qe1+ 36. Kb2 Qd2+ 37. Ka3 Qa5+ 38. Kb2 Qd2+ 39. Ka3 Qa5+ 40. Kb2 1/2-1/2

[Event "POL-ch U18 Girls"]
[Site "Wisla"]
[Date "2000.??.??"]
[Round "2"]
[White "Glazik, Malgorzata"]
[Black "Kaminska, Paulina"]
[Result "1-0"]
[WhiteElo "2146"]
[BlackElo "1800"]
[PlyCount "79"]
[EventDate "2000.02.26"]
[EventType "swiss"]
[EventRounds "10"]
[EventCountry "POL"]
[SourceTitle "EXT 2005"]
[Source "ChessBase"]
[SourceDate "2004.11.15"]
[SourceVersion "1"]
[SourceVersionDate "2004.11.15"]
[SourceQuality "1"]

1. e4 Nf6 2. e5 Nd5 3. d4 d6 4. exd6 exd6 5. h3 Be7 6. Nf3 Be6 7. Be2 0-0 8. 0-0 Nd7 9. c4 N5b6 10. Qc2 g6 11. Bd3 c6 12. Bf4 Re8 13. Nbd2 Nf8 14. Bg3 f5 15. b4 Bf7 16. Nb3 Ne6 17. a4 Bf6 18. Ra2 Qd7 19. Rc1 Rad8 20. Qd2 Re7 21. Bh4 Bxh4 22. Nxh4 Qe8 23. Raa1 Nc7 24. Qg5 Ne6 25. Qg3 Kh8 26. a5 Nc8 27. d5 Ng7 28. dxc6 Qxc6 29. Nd4 Qd7 30. Nhf3 Ree8 31. c5 dxc5 32. Bb5 Qe7 33. Bxe8 Bxe8 34. Rxc5 b6 35. Rc7 Qxb4 36. Qe5 Bd7 37. Ne6 Qe7 38. Qxg7+ Qxg7 39. Nxg7 Kxg7 40. Ne5 1-0

[Event "POL-ch U18 Girls"]
[Site "Wisla"]
[Date "2000.??.??"]
[Round "8"]
[White "Glazik, Malgorzata"]
[Black "Lysiak, Magdalena"]
[Result "0-1"]
[WhiteElo "2146"]
[BlackElo "2067"]
[PlyCount "86"]
[EventDate "2000.02.26"]
[EventType "swiss"]
[EventRounds "10"]
[EventCountry "POL"]
[SourceTitle "EXT 2005"]
[Source "ChessBase"]
[SourceDate "2004.11.15"]
[SourceVersion "1"]
[SourceVersionDate "2004.11.15"]
[SourceQuality "1"]

1. e4 e5 2. Nf3 Nf6 3. Nc3 Bb4 4. Nxe5 0-0 5. Be2 Re8 6. Nd3 Bxc3 7. dxc3 Nxe4 8. Nf4 d6 9. 0-0 Nc6 10. c4 a5 11. Nd5 Ne7 12. f3 Nxd5 13. cxd5 Nc5 14. b3 Qf6 15. Rb1 Bf5 16. Rf2 Qc3 17. Bb2 Qxc2 18. Qxc2 Bxc2 19. Rc1 Bf5 20. g4 Bd7 21. Bd4 b6 22. Rc3 f5 23. h3 Re7 24. a3 Rae8 25. Kf1 Rxe2 26. Rxe2 Bb5 27. Rce3 Rxe3 28. Bxe3 fxg4 29. hxg4 Nxb3 30. Kf2 Bxe2 31. Kxe2 Kf7 32. Kd3 Nc5+ 33. Kc4 Ke7 34. Kb5 Kd7 35. Bd4 g6 36. f4 Ne4 37. f5 gxf5 38. gxf5 h5 39. f6 h4 40. f7 Ke7 41. Kc6 Kxf7 42. Kxc7 h3 43. Bg1 b5 0-1

[Event "POL-ch U20 Girls"]
[Site "Trzebinia"]
[Date "2000.??.??"]
[Round "?"]
[White "Glazik, Malgorzata"]
[Black "Szymanowska, Karolina"]
[Result "0-1"]
[WhiteElo "2146"]
[BlackElo "2119"]
[PlyCount "94"]
[EventDate "2000.04.??"]
[EventType "tourn"]
[EventRounds "11"]
[EventCountry "POL"]
[SourceTitle "EXT 2005"]
[Source "ChessBase"]
[SourceDate "2004.11.15"]
[SourceVersion "1"]
[SourceVersionDate "2004.11.15"]
[SourceQuality "1"]

1. e4 c5 2. Nf3 e6 3. Nc3 d6 4. d4 cxd4 5. Nxd4 Nf6 6. Be2 Nc6 7. 0-0 Be7 8. Be3 0-0 9. f4 e5 10. Nb3 exf4 11. Rxf4 Be6 12. Nd5 Bxd5 13. exd5 Ne5 14. c4 Nfd7 15. Rf2 Rc8 16. Rc1 Bg5 17. Qd4 Bxe3 18. Qxe3 Qb6 19. Qf4 Nc5 20. Rc3 Nxb3 21. Rxb3 Qc7 22. Rg3 g6 23. b3 Rce8 24. h4 Qc5 25. h5 Nd7 26. Kf1 Re5 27. Qg4 f5 28. Qf4 Re4 29. Qh6 Qd4 30. Qc1 f4 31. Rh3 g5 32. Qc3 Ne5 33. Qxd4 Rxd4 34. Rc3 b6 35. Kg1 a5 36. g3 Rc8 37. Bf1 Ng4 38. Re2 Ne3 39. Kf2 Rd1 40. Re1 Rd2+ 41. Re2 Nd1+ 42. Ke1 Rxe2+ 43. Kxd1 Rxa2 44. Be2 Re8 45. Bf3 Ra3 46. Bg4 Re3 47. Rc2 Raxb3 0-1